| 000 | 00587nam a22001697a 4500 | ||
|---|---|---|---|
| 003 | NUST | ||
| 038 | _aNusrat Nadeem | ||
| 082 | _a200 | ||
| 100 |
_aBahcivan, Muhammet Yasir _9125077 |
||
| 245 |
_aChallenging High Teacher Turnover Rates with Training and Development: Teachers Development Program/ _cMuhammet Yasir Bahcivan, |
||
| 264 |
_aIslamabad; _bNBS NUST; _c2024. |
||
| 300 |
_a44,p; _bill; _c30,cm. |
||
| 650 |
_aExecutive MBA _9125080 |
||
| 700 |
_aSupervisor: Mr. Mommin Durrani _9119947 |
||
| 856 | _uhttp://10.250.8.41:8080/xmlui/handle/123456789/45263 | ||
| 942 |
_2ddc _cSC |
||
| 999 |
_c610837 _d610837 |
||